Športovo-rekreačná vybavenosť vidieckych sídiel : Kandidátska dizertačná práca /
Salvato in:
| Autore principale: | |
|---|---|
| Altri autori: | |
| Natura: | Manoscritto Libro |
| Lingua: | slovacco |
| Pubblicazione: |
Bratislava :
Slovenská vysoká škola technická v Bratislave,
december 1982
|
| Soggetti: | |
| Tags: |
Nessun Tag, puoi essere il primo ad aggiungerne!!
|
MARC
| LEADER | 00000ntm a22000003a 4500 | ||
|---|---|---|---|
| 001 | 0113233 | ||
| 003 | SK-STU | ||
| 005 | 20241218143715.7 | ||
| 007 | ta | ||
| 008 | 241218s2024----xo-----f-mn---000-0-slo-d | ||
| 040 | |a STU |b slo | ||
| 041 | 0 | |a slo | |
| 044 | |a xo |c SK | ||
| 100 | 1 | |a Statelová, Romana |4 aut | |
| 245 | 1 | 0 | |a Športovo-rekreačná vybavenosť vidieckych sídiel : |b Kandidátska dizertačná práca / |c aut. Romana Statelová ; škol. Ladislav Beisetzer |
| 260 | |a Bratislava : |b Slovenská vysoká škola technická v Bratislave, |c december 1982 | ||
| 300 | |a 220 s. | ||
| 650 | 0 | 7 | |a rozvoj vidieka |
| 650 | 0 | 7 | |a športové areály |
| 650 | 0 | 7 | |a rekreácia a voľný čas |
| 650 | 0 | 7 | |a detské ihriská |
| 650 | 0 | 7 | |a šatňa |
| 650 | 0 | 7 | |a telocvične |
| 700 | 1 | |a Beisetzer, Ladislav |4 ths | |
| 996 | |b 284AU10188 |c A* 203/V |l AAKNST |s P |a 0 |w 0113233_0001 | ||